00580nam a2200157 a 450000100100000000500170001000800410002702000180006804000250008610000360011124500970014726000300024430000370027450000700031170000410038100004071720201002034327.0130905s2008 sp ac 000 0 spa d a9788496045354 aDO-SdBNPbspacBNPHU1 aNúñez Alarcón, Alcides A.13aLa Guachipupa Tibia /cAlcides A. Núñez Alarcón ; prólogo Agustín País García. aMadrid :bPliegos,c2008. a523 p. :bils., retrs. ;c22 cm. aIncluye datos biográficos del autor en la solapa de la cubierta1 aPaís García, Agustín,epról.